[Event "SG Kaltern/Tramin-J. Richter/LASK BZ"]
[Site "?"]
[Date "2012.12.01"]
[Round "4.1"]
[White "Moncher, Stefano"]
[Black "Paltrinieri, Nicholas"]
[Result "1-0"]
[WhiteElo "2182"]
[BlackElo "2119"]
[PlyCount "59"]
[EventDate "2012.??.??"]

1. f4 d5 2. Nf3 Bg4 3. e3 Nd7 4. h3 Bxf3 5. Qxf3 e5 6. d3 Ngf6 7. Nc3 c6 8. g4
h6 9. Bg2 Qb6 10. O-O Bd6 11. g5 Ng8 12. fxe5 Nxe5 13. Qf2 O-O-O 14. d4 Nd7 15.
e4 hxg5 16. exd5 g4 17. Bf4 Bxf4 18. Qxf4 gxh3 19. Bf3 g5 20. Qxg5 Ngf6 21. Kh1
Rdg8 22. Qf4 Nh5 23. Bxh5 Rxh5 24. Ne4 Qa5 25. c4 a6 26. Nd6+ Kc7 27. c5 Kb8
28. Qxf7 Rhg5 29. Qxd7 R5g7 30. Rf8+ 1-0

[Event "SG Kaltern/Tramin-J. Richter/LASK BZ"]
[Site "?"]
[Date "2012.12.01"]
[Round "4.2"]
[White "Waldner, Mirko"]
[Black "Billio, Atto"]
[Result "1/2-1/2"]
[WhiteElo "1836"]
[BlackElo "1994"]
[PlyCount "65"]
[EventDate "2012.??.??"]

1. d4 c5 2. d5 Nf6 3. c4 b5 4. f3 bxc4 5. Nc3 d6 6. e4 g6 7. Bxc4 Bg7 8. Be3
O-O 9. Nge2 Nbd7 10. Ng3 Qa5 11. O-O Qb4 12. Qe2 Ne5 13. Bb5 a6 14. a3 Qa5 15.
Ba4 Rb8 16. Rfb1 h5 17. b4 cxb4 18. axb4 Qc7 19. Rc1 h4 20. Nf1 Rxb4 21. Nd2
Qb8 22. Bc6 h3 23. Na2 Nxc6 24. Nxb4 Nxb4 25. Rab1 a5 26. Nb3 Ba6 27. Qd2 Bd3
28. Nxa5 Bxb1 29. Rxb1 Qb5 30. Qxb4 Qxb4 31. Rxb4 Ra8 32. Rb5 hxg2 33. Kxg2
1/2-1/2

[Event "SG Kaltern/Tramin-J. Richter/LASK BZ"]
[Site "?"]
[Date "2012.12.01"]
[Round "4.3"]
[White "Bevilacqua, Maurizio"]
[Black "Bertagnolli, Gerhard"]
[Result "0-1"]
[WhiteElo "1974"]
[BlackElo "1923"]
[PlyCount "50"]
[EventDate "2012.??.??"]

1. d4 Nf6 2. Nf3 d5 3. c4 e6 4. g3 Be7 5. Bg2 O-O 6. Qc2 b6 7. O-O Bb7 8. cxd5
Nxd5 9. e4 Nb4 10. Qb3 Bxe4 11. a3 Nc2 12. Ra2 Nxd4 13. Nxd4 Bxg2 14. Kxg2 Qxd4
15. Nc3 Qd7 16. Bf4 c5 17. Qc4 Nc6 18. Rd1 Nd4 19. f3 Qb7 20. Ne4 Qd5 21. Qxd5
exd5 22. Nc3 Rfd8 23. b4 cxb4 24. axb4 Bxb4 25. Na4 Ne6 0-1

[Event "SG Kaltern/Tramin-J. Richter/LASK BZ"]
[Site "?"]
[Date "2012.12.01"]
[Round "4.4"]
[White "Dibiasi, Rainer"]
[Black "De Vita, Gianni"]
[Result "1/2-1/2"]
[WhiteElo "1806"]
[BlackElo "1973"]
[PlyCount "88"]
[EventDate "2012.??.??"]

1. Nf3 d5 2. c4 c6 3. b3 Nf6 4. Bb2 e6 5. g3 Be7 6. Bg2 O-O 7. O-O Nbd7 8. Qc2
Ne4 9. d3 Nd6 10. e4 dxe4 11. dxe4 Qc7 12. Re1 b6 13. Qc3 e5 14. Na3 f6 15. Nc2
Nc5 16. Nd2 Ne6 17. Rad1 Bb7 18. Nf1 c5 19. f3 Nd4 20. Nfe3 Rf7 21. Nd5 Bxd5
22. exd5 Bf8 23. Bh3 Kh8 24. Qd3 Re8 25. Nxd4 cxd4 26. Re2 Nb7 27. Bxd4 Nc5 28.
Bxc5 Qxc5+ 29. Kg2 Bd6 30. Rde1 Ref8 31. Be6 Rc7 32. Re4 f5 33. Rh4 g6 34. Qc3
Rg7 35. Re2 a5 36. Qd3 Qc7 37. Kh1 Bc5 38. Rd2 Qd6 39. Re2 Re7 40. Qc3 Bd4 41.
Rxd4 exd4 42. Qxd4+ Rg7 43. Kg2 h6 44. Qe5 Qb4 1/2-1/2

[Event "SG Kaltern/Tramin-J. Richter/LASK BZ"]
[Site "?"]
[Date "2012.12.01"]
[Round "4.5"]
[White "Kowalczyk, Martin"]
[Black "Dallaglio, Giovanni"]
[Result "0-1"]
[WhiteElo "1887"]
[BlackElo "1675"]
[PlyCount "98"]
[EventDate "2012.??.??"]

1. e4 e6 2. d3 d5 3. Nd2 Nf6 4. Ngf3 c5 5. g3 Nc6 6. c3 Be7 7. Bg2 b6 8. O-O
Bb7 9. e5 Nd7 10. Qe2 Qc7 11. Re1 h6 12. Nf1 O-O-O 13. d4 g5 14. Be3 Rdg8 15.
Rec1 h5 16. dxc5 Nxc5 17. Nd4 Nxe5 18. Nb5 Qb8 19. Bd4 f6 20. b4 Ne4 21. Bxe5
Qxe5 22. Nxa7+ Kb8 23. Nb5 Rc8 24. a4 h4 25. Qe3 Rc6 26. Nd4 Rc4 27. Bxe4 dxe4
28. Nd2 Rcc8 29. a5 hxg3 30. hxg3 f5 31. a6 Bd5 32. Nb5 Bd8 33. c4 f4 34. Qa3
Bc6 35. Qc3 Qxc3 36. Nxc3 e3 37. Nde4 Bf6 38. a7+ Ka8 39. fxe3 Bxe4 40. Nxe4
Bxa1 41. Rxa1 Rxc4 42. Nxg5 Rg8 43. Nxe6 Rxg3+ 44. Kf2 Rxe3 45. Nxf4 Rb3 46.
Nd5 Rc2+ 47. Kg1 Rc6 48. Kf2 Rd3 49. b5 Rc2+ 0-1

[Event "SG Kaltern/Tramin-J. Richter/LASK BZ"]
[Site "?"]
[Date "2012.12.01"]
[Round "4.6"]
[White "Thaler, Elmar"]
[Black "Mumelter, Igor"]
[Result "1-0"]
[WhiteElo "1721"]
[BlackElo "1821"]
[PlyCount "61"]
[EventDate "2012.??.??"]

1. e4 c6 2. d4 d5 3. Nc3 dxe4 4. Nxe4 Bf5 5. Ng3 Bg6 6. Nf3 Nd7 7. Bd3 Ngf6 8.
Bxg6 hxg6 9. c3 Qc7 10. Bg5 e6 11. Qc2 Bd6 12. O-O-O O-O-O 13. Kb1 Kb8 14. Ne4
Bf4 15. Ne5 Bxe5 16. dxe5 Qxe5 17. Rhe1 Qf5 18. f3 Rdf8 19. Qd2 Nb6 20. Bf4+
Ka8 21. g4 Qa5 22. Bc7 Rc8 23. Qd6 Ne8 24. Bxb6 Qxb6 25. Qd7 Nc7 26. Re2 f5 27.
Ng5 Nd5 28. Qxg7 Nxc3+ 29. Qxc3 Qb5 30. Red2 fxg4 31. Qxh8 1-0

[Event "SK Deutschnofen-SK Ridnaun"]
[Site "?"]
[Date "2012.12.01"]
[Round "4.1"]
[White "Aigner, Helmut"]
[Black "Thurner, Markus"]
[Result "1/2-1/2"]
[WhiteElo "1819"]
[BlackElo "1847"]
[PlyCount "33"]
[EventDate "2012.??.??"]

1. e4 e6 2. d4 d5 3. Nc3 Bb4 4. Nge2 dxe4 5. a3 Be7 6. Nxe4 Nf6 7. N2g3 b6 8.
Qf3 c6 9. c3 Bb7 10. Bd3 Nbd7 11. O-O Qc8 12. Bf4 c5 13. Qe2 Nxe4 14. Bxe4 Bxe4
15. Nxe4 O-O 16. dxc5 Nxc5 17. Rad1 1/2-1/2

[Event "SK Deutschnofen-SK Ridnaun"]
[Site "?"]
[Date "2012.12.01"]
[Round "4.2"]
[White "Gibitz, Othmar"]
[Black "Helfer, August"]
[Result "1/2-1/2"]
[WhiteElo "1592"]
[BlackElo "1652"]
[PlyCount "125"]
[EventDate "2012.??.??"]

1. e4 d6 2. Bc4 e6 3. Nc3 g6 4. Nf3 Bg7 5. d4 Ne7 6. Bb3 b6 7. Bg5 h6 8. Be3
Nd7 9. Ne2 Bb7 10. Ng3 c5 11. c3 Rc8 12. Qd2 Nf6 13. Bc2 Ng4 14. h3 Nxe3 15.
fxe3 e5 16. d5 Ba6 17. Bd3 b5 18. a4 c4 19. axb5 Bxb5 20. Bc2 Qb6 21. Ba4 a6
22. Bxb5+ axb5 23. Kf2 O-O 24. Ra3 Ra8 25. Rha1 Rxa3 26. Rxa3 f5 27. exf5 gxf5
28. Ra1 f4 29. Nf1 e4 30. Nd4 Nxd5 31. Kg1 Bxd4 32. exd4 Ne7 33. Qe2 d5 34. Nh2
Qg6 35. Ra7 Qg5 36. Kf1 Nf5 37. Kg1 Ne3 38. Ng4 Nxg4 39. Qxg4 Qxg4 40. hxg4 Rf7
41. Ra6 Kh7 42. Rd6 Rg7 43. Rxd5 Rxg4 44. Kf2 Rg3 45. Re5 e3+ 46. Kf1 f3 47.
gxf3 Rxf3+ 48. Ke1 Kg6 49. d5 Rf5 50. Re6+ Kf7 51. Rxh6 Rxd5 52. Ke2 Rd2+ 53.
Kxe3 Rxb2 54. Kd4 Rb3 55. Rb6 Ke7 56. Ra6 Kd7 57. Rf6 Kc7 58. Rh6 Kb7 59. Rg6
Ra3 60. Kc5 Rxc3 61. Kxb5 Rc1 62. Rg7+ Kc8 63. Kb4 1/2-1/2

[Event "SK Deutschnofen-SK Ridnaun"]
[Site "?"]
[Date "2012.12.01"]
[Round "4.3"]
[White "Obermueller, Johann"]
[Black "Hofer, Alois"]
[Result "1/2-1/2"]
[WhiteElo "1536"]
[BlackElo "1559"]
[PlyCount "30"]
[EventDate "2012.??.??"]

1. e4 e5 2. Nf3 Nc6 3. d4 exd4 4. Nxd4 d6 5. Bc4 Nf6 6. Nxc6 bxc6 7. Nc3 Be7 8.
O-O O-O 9. b3 Be6 10. Bd3 Nd7 11. Bb2 Nc5 12. Ne2 Bf6 13. Bxf6 Qxf6 14. f4 Rad8
15. Qe1 Bg4 1/2-1/2

[Event "SK Deutschnofen-SK Ridnaun"]
[Site "?"]
[Date "2012.12.01"]
[Round "4.4"]
[White "Welsch, Ulrich"]
[Black "Helfer, Sieghard"]
[Result "1-0"]
[WhiteElo "1459"]
[BlackElo "1532"]
[PlyCount "64"]
[EventDate "2012.??.??"]

1. d4 g6 2. g3 Bg7 3. Bg2 d6 4. Nf3 Nd7 5. c4 e6 6. Nc3 Ne7 7. e4 O-O 8. O-O a6
9. Be3 h6 10. Qd2 Kh7 11. Rad1 Nb6 12. b3 c6 13. Qc2 d5 14. c5 Nd7 15. h4 dxe4
16. Nxe4 Nd5 17. h5 N7f6 18. hxg6+ fxg6 19. Nh4 Ne7 20. Bh3 Nxe4 21. Qxe4 Nf5
22. Ng2 Qd5 23. Bxf5 gxf5 24. Qh4 Qd8 25. Qh5 Qe8 26. Qe2 Bd7 27. Nf4 Qf7 28.
Nd3 Rae8 29. Bf4 Bxd4 30. Ne5 Bxe5 31. Bxe5 Rg8 32. Rd3 Rg4 1-0

[Event "SK Deutschnofen-SK Ridnaun"]
[Site "?"]
[Date "2012.12.01"]
[Round "4.5"]
[White "Gasteiger, Josef"]
[Black "Mittermair, Alois"]
[Result "0-1"]
[WhiteElo "1370"]
[BlackElo "1502"]
[PlyCount "79"]
[EventDate "2012.??.??"]

1. c4 e5 2. Nc3 f5 3. e3 Nf6 4. d4 Nc6 5. d5 Ne7 6. Be2 Ng6 7. Nf3 a6 8. a3 Bc5
9. b4 Ba7 10. O-O d6 11. Bb2 O-O 12. Qc2 Qe8 13. h3 Bd7 14. Kh1 f4 15. exf4
Nxf4 16. Ng1 Qe7 17. Bf3 g5 18. g4 Qf7 19. Qd1 h5 20. Nce2 hxg4 21. Nxf4 gxf3
22. Ne6 Bxe6 23. dxe6 Qxe6 24. Qxf3 c6 25. Rad1 Rf7 26. Qd3 Rd8 27. c5 d5 28.
Rfe1 Bb8 29. Qg6+ Rg7 30. Qd3 Kf7 31. Qe2 Ne4 32. Qh5+ Qg6 33. Qf3+ Ke7 34. Re2
Rf8 35. Qg2 g4 36. hxg4 Qxg4 37. Qxg4 Rxg4 38. f3 Ng3+ 39. Kg2 Nxe2+ 40. fxg4
0-1

[Event "SK Gries-J. Richter/Lask BZ II"]
[Site "?"]
[Date "2012.12.01"]
[Round "4.1"]
[White "Muscolino, Attilio"]
[Black "Spornberger, Maximilian"]
[Result "0-1"]
[WhiteElo "1735"]
[BlackElo "2222"]
[PlyCount "65"]
[EventDate "2012.??.??"]

1. e4 g6 2. d4 Bg7 3. Ne2 d6 4. c4 Nf6 5. f3 O-O 6. Nbc3 Nc6 7. Be3 a6 8. Ng3
e5 9. d5 Nd4 10. Bd3 c5 11. dxc6 bxc6 12. O-O Rb8 13. Qd2 Nd7 14. Rac1 Nc5 15.
Bb1 Qb6 16. Nd1 Rd8 17. Ne2 Nce6 18. Kh1 a5 19. Nxd4 Nxd4 20. f4 Ba6 21. Qf2
Qb7 22. Rc3 d5 23. fxe5 Ne6 24. exd5 cxd5 25. Rb3 Qd7 26. Rxb8 Rxb8 27. Re1
Bxc4 28. b3 Ba6 29. Bd2 a4 30. Bc2 Qc7 31. Ne3 d4 32. Nc4 Bxc4 33. bxa4 0-1

[Event "SK Gries-J. Richter/Lask BZ II"]
[Site "?"]
[Date "2012.12.01"]
[Round "4.2"]
[White "Spornberger, Andre"]
[Black "Hermeter, Walter"]
[Result "1-0"]
[WhiteElo "2048"]
[BlackElo "1660"]
[PlyCount "29"]
[EventDate "2012.??.??"]

1. e4 c5 2. c3 e6 3. d4 d5 4. exd5 Qxd5 5. Nf3 cxd4 6. cxd4 Nf6 7. Nc3 Bb4 8.
Bd3 Nc6 9. O-O Bxc3 10. bxc3 b5 11. Qe2 a6 12. Bg5 Nd7 13. Be4 Qd6 14. d5 Nce5
15. dxe6 1-0

[Event "SK Gries-J. Richter/Lask BZ II"]
[Site "?"]
[Date "2012.12.01"]
[Round "4.3"]
[White "Gruber, Martin"]
[Black "Paulmichl, Martin"]
[Result "1/2-1/2"]
[WhiteElo "1609"]
[BlackElo "1953"]
[PlyCount "123"]
[EventDate "2012.??.??"]

1. e4 e6 2. d4 d5 3. e5 c5 4. c3 Nc6 5. Nf3 Bd7 6. Be2 f6 7. exf6 Nxf6 8. O-O
Bd6 9. h3 O-O 10. Be3 cxd4 11. Nxd4 e5 12. Nb5 Be7 13. Qb3 Be6 14. Nd2 Qd7 15.
Qd1 a6 16. Na3 Rad8 17. Bb6 Rc8 18. Nc2 Bd6 19. Nf3 h6 20. Nh2 Ne7 21. Rc1 e4
22. Ng4 Bb8 23. Be3 Nf5 24. Nxf6+ Rxf6 25. f4 Nxe3 26. Nxe3 Bxf4 27. Qd4 Qd6
28. Rcd1 Bxe3+ 29. Qxe3 Rxf1+ 30. Bxf1 Qe5 31. Qd4 Qg3 32. Qf2 Qg5 33. Kh1 Rf8
34. Qb6 e3 35. Qxe6+ Kh8 36. Be2 Rd8 37. Bc4 dxc4 38. Rxd8+ Qxd8 39. Qxe3 Qd3
40. Qe8+ Kh7 41. Kg1 b5 42. Kf2 Qf5+ 43. Ke3 Qg5+ 44. Kf3 Qf5+ 45. Ke3 Qd3+ 46.
Kf2 Qd5 47. Qe2 a5 48. Ke3 b4 49. Qc2+ Kh8 50. Qe4 Qc5+ 51. Ke2 bxc3 52. bxc3
Qb5 53. Qa8+ Kh7 54. Qe4+ Kg8 55. Qe6+ Kf8 56. Qd6+ Kf7 57. Ke3 Qa4 58. Qc7+
Kg6 59. Qb6+ Kh7 60. Qb1+ Kg8 61. Qb8+ Kh7 62. Qb1+ 1/2-1/2

[Event "SK Gries-J. Richter/Lask BZ II"]
[Site "?"]
[Date "2012.12.01"]
[Round "4.4"]
[White "Niederstaetter, Harald"]
[Black "Anrather, Eva"]
[Result "1-0"]
[WhiteElo "1930"]
[BlackElo "1395"]
[PlyCount "89"]
[EventDate "2012.??.??"]

1. d4 d5 2. Nf3 Nf6 3. e3 e6 4. Bd3 Bd7 5. Nbd2 c5 6. b3 b5 7. c4 bxc4 8. bxc4
dxc4 9. Nxc4 cxd4 10. Nxd4 Bb4+ 11. Bd2 Bxd2+ 12. Qxd2 O-O 13. O-O Nc6 14. Nb5
Qe7 15. Rac1 Rad8 16. Qe2 Nb4 17. Ne5 Nxd3 18. Qxd3 a6 19. Qa3 Qxa3 20. Nxa3
Be8 21. Rc2 Rd5 22. Nec4 Ba4 23. Rb2 Rfd8 24. Nb6 Ra5 25. Rc1 h6 26. f3 Rd1+
27. Rxd1 Bxd1 28. Nac4 Rc5 29. Rd2 Ba4 30. Rd8+ Kh7 31. Nd6 Bb5 32. a4 Rc1+ 33.
Kf2 Rc2+ 34. Ke1 Rc6 35. axb5 Rxb6 36. bxa6 Rxa6 37. Nxf7 Ra2 38. Rd2 Ra7 39.
Ne5 Ra3 40. Ke2 Nd5 41. Nd3 Kg6 42. e4 Nc3+ 43. Kf2 h5 44. Nf4+ Kf7 45. Nxh5
1-0

[Event "SK Gries-J. Richter/Lask BZ II"]
[Site "?"]
[Date "2012.12.01"]
[Round "4.5"]
[White "Kofler, Franz"]
[Black "Zammarchi, Massimo"]
[Result "0-1"]
[WhiteElo "1294"]
[BlackElo "1900"]
[PlyCount "70"]
[EventDate "2012.??.??"]

1. e4 e5 2. Nf3 Nc6 3. Bc4 Bc5 4. O-O Nf6 5. d3 d6 6. h3 O-O 7. c3 Bb6 8. b4 a5
9. b5 Ne7 10. a4 Ng6 11. Bg5 h6 12. Bxf6 Qxf6 13. d4 Nf4 14. Kh2 Qg6 15. Rg1
Qxe4 16. Nbd2 Qf5 17. Qf1 e4 18. Nh4 Qg5 19. g3 d5 20. gxf4 Qxf4+ 21. Kh1 dxc4
22. Qg2 g5 23. Nxe4 Qxh4 24. Nxg5 hxg5 25. Qxg5+ Qxg5 26. Rxg5+ Kh7 27. Rag1
Kh6 28. f4 Be6 29. f5 Bd5+ 30. Kh2 c5 31. R5g4 Bc7+ 32. R1g3 Bxg3+ 33. Rxg3 Rg8
34. dxc5 Rxg3 35. Kxg3 Kg5 0-1

[Event "SK Gries-J. Richter/Lask BZ II"]
[Site "?"]
[Date "2012.12.01"]
[Round "4.6"]
[White "Fongarolli, Diego"]
[Black "Scharrer, Rudi"]
[Result "1-0"]
[WhiteElo "1896"]
[BlackElo "1200"]
[PlyCount "63"]
[EventDate "2012.??.??"]

1. e4 e5 2. Nf3 Nc6 3. Bb5 a6 4. Bxc6 dxc6 5. O-O Nf6 6. Nxe5 Nxe4 7. Re1 Bf5
8. d3 Bd6 9. dxe4 Bxe5 10. Qxd8+ Rxd8 11. exf5 Rd5 12. Nc3 O-O 13. Nxd5 f6 14.
Nf4 Re8 15. Ne6 Re7 16. c4 b5 17. c5 g6 18. g4 gxf5 19. gxf5 Kf7 20. Re2 Re8
21. f4 Bd4+ 22. Nxd4 Rxe2 23. Nxe2 a5 24. Be3 Ke7 25. Rd1 b4 26. Nd4 a4 27. Ne6
b3 28. a3 h5 29. Kg2 h4 30. Kh3 Ke8 31. Kxh4 Ke7 32. Kh5 1-0

[Event "SK Naturns Jambo-ASD Arci Scacchi"]
[Site "?"]
[Date "2012.12.01"]
[Round "4.1"]
[White "Preziuso, Toni"]
[Black "Mukic, Josko"]
[Result "1-0"]
[WhiteElo "2108"]
[BlackElo "2268"]
[PlyCount "73"]
[EventDate "2012.??.??"]

1. d4 e6 2. e4 d5 3. Nc3 Bb4 4. exd5 exd5 5. Bd3 Nc6 6. Nge2 Qh4 7. Bf4 Bxc3+
8. bxc3 Qd8 9. Qd2 Nge7 10. Qe3 O-O 11. Qg3 Nf5 12. Qf3 Re8 13. O-O Be6 14. Ng3
Qd7 15. Bg5 Nxg3 16. Qxg3 Bf5 17. Rab1 b6 18. f4 Ne7 19. Rbe1 Ng6 20. Bxf5 Qxf5
21. Qf3 h6 22. g4 Qxc2 23. f5 hxg5 24. fxg6 Qxg6 25. Qxd5 c6 26. Qd7 Re6 27.
Re5 a5 28. Rff5 Rxe5 29. dxe5 Rf8 30. Qd2 Qe6 31. Rxg5 g6 32. h4 Qe7 33. Qe3 c5
34. h5 Kg7 35. e6 Rd8 36. Qe5+ Qf6 37. h6+ 1-0

[Event "SK Naturns Jambo-ASD Arci Scacchi"]
[Site "?"]
[Date "2012.12.01"]
[Round "4.2"]
[White "La Manna, Andrea"]
[Black "Pichler, Klaus"]
[Result "1-0"]
[WhiteElo "2193"]
[BlackElo "1711"]
[PlyCount "31"]
[EventDate "2012.??.??"]

1. d4 g6 2. c4 Bg7 3. Nc3 c5 4. d5 Bxc3+ 5. bxc3 f5 6. e4 fxe4 7. f3 e5 8. dxe6
Qe7 9. Nh3 exf3 10. Qxf3 Nf6 11. Be2 dxe6 12. O-O Nbd7 13. Bg5 O-O 14. Rad1 Qg7
15. Qe3 Re8 16. Rd6 1-0

[Event "SK Naturns Jambo-ASD Arci Scacchi"]
[Site "?"]
[Date "2012.12.01"]
[Round "4.3"]
[White "Carozza, Gregorio"]
[Black "Nicolodi, Raoul"]
[Result "0-1"]
[WhiteElo "1662"]
[BlackElo "1983"]
[PlyCount "86"]
[EventDate "2012.??.??"]

1. e4 e6 2. d4 d5 3. exd5 exd5 4. Bd3 Bd6 5. Nf3 Nc6 6. O-O Nge7 7. c3 O-O 8.
Na3 a6 9. Qc2 h6 10. Be3 Bg4 11. Kh1 Qd7 12. Ng1 Bf5 13. Rac1 Bxa3 14. bxa3 Na5
15. Bxf5 Nxf5 16. Bd2 Nc4 17. Bf4 Nxa3 18. Qd3 Nd6 19. Nf3 Nac4 20. Rfe1 Rfe8
21. Ne5 Nxe5 22. Bxe5 Nc4 23. Qg3 Nxe5 24. dxe5 Qf5 25. h3 Re6 26. Re3 Rae8 27.
Rce1 Rg6 28. Qf3 Qxf3 29. Rxf3 Rge6 30. Rfe3 f6 31. f4 fxe5 32. fxe5 b5 33. g4
c5 34. Kg2 R8e7 35. Kf3 g5 36. a3 Kf7 37. Kg3 Ke8 38. h4 Kd7 39. h5 Kc6 40. Kf3
Rf7+ 41. Ke2 Rf4 42. Rg1 d4 43. cxd4 cxd4 0-1

[Event "SK Naturns Jambo-ASD Arci Scacchi"]
[Site "?"]
[Date "2012.12.01"]
[Round "4.4"]
[White "Fox, Jonas"]
[Black "Zanatta, Daniel"]
[Result "1-0"]
[WhiteElo "1783"]
[BlackElo "1328"]
[PlyCount "47"]
[EventDate "2012.??.??"]

1. e4 e5 2. Nf3 Nf6 3. Nxe5 d6 4. Nf3 Nxe4 5. Nc3 Nxc3 6. dxc3 Bg4 7. Be3 Be7
8. Bd3 Nc6 9. Qd2 Qd7 10. O-O-O O-O-O 11. Rde1 Bxf3 12. gxf3 Ne5 13. Be2 a6 14.
Rhg1 g6 15. f4 Nc6 16. Qd5 f5 17. Bf3 Bf6 18. Bd4 Bxd4 19. cxd4 Rde8 20. h4
Rxe1+ 21. Rxe1 Re8 22. Rg1 Qe6 23. Qxe6+ Rxe6 24. d5 1-0

[Event "SK Naturns Jambo-ASD Arci Scacchi"]
[Site "?"]
[Date "2012.12.01"]
[Round "4.5"]
[White "Olivetti, Davide"]
[Black "Unterthurner, Hans"]
[Result "0-1"]
[WhiteElo "1428"]
[BlackElo "2029"]
[PlyCount "43"]
[EventDate "2012.??.??"]

1. d4 Nf6 2. c3 g6 3. h4 d5 4. Nf3 Bg7 5. Nbd2 c6 6. h5 Nxh5 7. e4 Bg4 8. e5 f6
9. Be2 Nf4 10. g3 Nxe2 11. Qxe2 fxe5 12. dxe5 d4 13. cxd4 Qd5 14. Rh4 h5 15.
Qd3 O-O 16. Ng5 Rf5 17. Qe3 c5 18. dxc5 Bxe5 19. Nge4 Nc6 20. f3 Nd4 21. Kf2
Nxf3 22. Qb3 0-1

[Event "SK Naturns Jambo-ASD Arci Scacchi"]
[Site "?"]
[Date "2012.12.01"]
[Round "4.6"]
[White "Pichler, Christoph"]
[Black "Rinaldo, Gaetano"]
[Result "1/2-1/2"]
[WhiteElo "1843"]
[BlackElo "1607"]
[PlyCount "43"]
[EventDate "2012.??.??"]

1. e4 e6 2. d4 d5 3. Nd2 Nf6 4. e5 Nfd7 5. f4 c5 6. c3 Nc6 7. Ndf3 Qb6 8. g3
cxd4 9. cxd4 Bb4+ 10. Kf2 f6 11. Kg2 O-O 12. Bd3 Be7 13. Ne2 Nb4 14. Bb1 Re8
15. a3 Nc6 16. b4 Nf8 17. Qd3 Bd7 18. h4 f5 19. Bd2 Rec8 20. Ba2 Nd8 21. Nc3
Nf7 22. h5 1/2-1/2

[Event "SK Passeier-SK Klausen"]
[Site "?"]
[Date "2012.12.01"]
[Round "4.1"]
[White "Schacher, Gerd"]
[Black "Pichler, Michael"]
[Result "1-0"]
[WhiteElo "2300"]
[BlackElo "1832"]
[PlyCount "71"]
[EventDate "2012.??.??"]

1. Nf3 c5 2. c4 b6 3. g3 Bb7 4. Bg2 Nf6 5. O-O g6 6. Nc3 Bg7 7. d4 cxd4 8. Qxd4
O-O 9. Qh4 d6 10. Rd1 Nbd7 11. Bh6 Rc8 12. b3 Rc5 13. Bxg7 Kxg7 14. Rac1 Bxf3
15. exf3 Re8 16. Qd4 Kg8 17. f4 Qc8 18. Qe3 Rh5 19. Qf3 Rc5 20. h4 h5 21. Bh3
Qa6 22. a4 Qc8 23. Rd3 Qa8 24. Qe2 Kf8 25. Re3 Qd8 26. Rd1 Nb8 27. Qb2 Kg8 28.
Rde1 Nc6 29. Nb5 a6 30. Qxf6 axb5 31. axb5 Na5 32. Rxe7 Rxe7 33. Rxe7 Qf8 34.
Be6 Rf5 35. Qxg6+ Kh8 36. Bxf7 1-0

[Event "SK Passeier-SK Klausen"]
[Site "?"]
[Date "2012.12.01"]
[Round "4.2"]
[White "Innerhofer, Hannes"]
[Black "Seebacher, Reinhard"]
[Result "0-1"]
[WhiteElo "1629"]
[BlackElo "1880"]
[PlyCount "86"]
[EventDate "2012.??.??"]

1. e4 g6 2. Nf3 Bg7 3. d4 d6 4. Bg5 c5 5. c3 cxd4 6. cxd4 h6 7. Be3 Nf6 8. Nc3
O-O 9. h3 a6 10. Bd3 Nbd7 11. O-O Kh7 12. Qc2 Qa5 13. Nh2 e5 14. d5 Nc5 15. Be2
Bd7 16. a3 Qc7 17. f3 Rac8 18. Qd1 Nh5 19. Rc1 a5 20. Bb5 Nf4 21. Bxf4 exf4 22.
Bxd7 Nxd7 23. Na4 Qb8 24. Qd2 Qa7+ 25. Kh1 g5 26. Ng4 h5 27. Nf2 Ne5 28. Nc3
Nc4 29. Qe2 Qb6 30. Nd3 Ne3 31. Rfe1 Qb3 32. Rb1 Bxc3 33. bxc3 Qxc3 34. Rec1
Qxa3 35. Rxc8 Rxc8 36. Ne1 Rc1 37. Rxc1 Qxc1 38. Kh2 a4 39. e5 Qc4 40. Qxc4
Nxc4 41. exd6 Nxd6 42. Nc2 Kg6 43. Kg1 Kf6 0-1

[Event "SK Passeier-SK Klausen"]
[Site "?"]
[Date "2012.12.01"]
[Round "4.3"]
[White "Schrott, Johann"]
[Black "Pirpamer, Klaus"]
[Result "1/2-1/2"]
[WhiteElo "1787"]
[BlackElo "1749"]
[PlyCount "50"]
[EventDate "2012.??.??"]

1. e4 e5 2. Nf3 Nc6 3. Bb5 a6 4. Ba4 Nf6 5. O-O Be7 6. Re1 b5 7. Bb3 O-O 8. c3
d5 9. exd5 Nxd5 10. d4 exd4 11. Nxd4 Nxd4 12. Qxd4 Bb7 13. Nd2 c5 14. Qg4 Nf6
15. Qh3 Qc7 16. Nf1 Ne4 17. Bc2 f5 18. f3 Nd6 19. Bf4 g6 20. Rad1 Rad8 21. Qg3
Kf7 22. Rxe7+ Kxe7 23. Qh4+ Ke6 24. Qe1+ Kf7 25. Qg3 Ke6 1/2-1/2

[Event "SK Passeier-SK Klausen"]
[Site "?"]
[Date "2012.12.01"]
[Round "4.4"]
[White "Fauster, Guenther"]
[Black "Schrott, Ernst"]
[Result "1-0"]
[WhiteElo "1605"]
[BlackElo "1814"]
[PlyCount "103"]
[EventDate "2012.??.??"]

1. d4 Nf6 2. c4 c5 3. d5 b5 4. cxb5 a6 5. Nc3 axb5 6. Nxb5 Ba6 7. Nc3 g6 8. g3
Bg7 9. Bg2 d6 10. Nf3 Nbd7 11. O-O O-O 12. Re1 Qa5 13. e4 Rfb8 14. Qc2 Qb4 15.
Rb1 Ng4 16. a3 Qb3 17. Qxb3 Rxb3 18. Nd1 Rab8 19. Nd2 R3b7 20. Bf1 Bxf1 21.
Rxf1 Nge5 22. Kg2 Nd3 23. b3 Nxc1 24. Rxc1 Ra8 25. a4 Ne5 26. f4 Nd3 27. Rb1
Rb4 28. Ne3 Rb7 29. Nec4 Nb4 30. g4 Nc2 31. e5 dxe5 32. fxe5 Rd8 33. d6 exd6
34. exd6 Bh6 35. Ne4 Ne3+ 36. Nxe3 Bxe3 37. Rfd1 Kg7 38. g5 Rb4 39. Kf3 Bd4 40.
Rdc1 h5 41. Rc4 Rdb8 42. Rxb4 Rxb4 43. d7 Rb8 44. b4 c4 45. Nd6 Rd8 46. Nxc4
Rxd7 47. b5 Rc7 48. Nd6 Rc3+ 49. Ke4 Bb6 50. a5 Bxa5 51. b6 Ra3 52. b7 1-0

[Event "SK Passeier-SK Klausen"]
[Site "?"]
[Date "2012.12.01"]
[Round "4.5"]
[White "Sigmund, Ingenuin"]
[Black "Kofler, Josef"]
[Result "1-0"]
[WhiteElo "1728"]
[BlackElo "1564"]
[PlyCount "157"]
[EventDate "2012.??.??"]

1. e4 c5 2. Nc3 Nc6 3. g3 g6 4. Bg2 Bg7 5. d3 d6 6. Nce2 Bg4 7. h3 Bd7 8. c3
Rc8 9. f4 e5 10. Nf3 Nge7 11. O-O O-O 12. Be3 Qb6 13. Qd2 Qa5 14. Nh4 exf4 15.
Bxf4 Ne5 16. Be3 Bb5 17. Nc1 Qa6 18. Rd1 Ba4 19. b3 Bd7 20. Bf1 Qa5 21. Ne2
N7c6 22. d4 cxd4 23. cxd4 Qxd2 24. Rxd2 g5 25. Bxg5 Ng6 26. Nf5 f6 27. Be3 Bxf5
28. exf5 Nge7 29. g4 Nd5 30. Bf2 Bh6 31. Rdd1 Ncb4 32. a3 Nc2 33. Ra2 Nce3 34.
Rd3 Rfe8 35. Bg3 Rc6 36. Kf2 Kf7 37. Bg2 Nxg2 38. Kxg2 a6 39. Kf3 b5 40. h4 b4
41. Nf4 Rc3 42. Rxc3 Nxc3 43. Rc2 a5 44. axb4 axb4 45. Ne6 Ke7 46. g5 fxg5 47.
hxg5 Bf8 48. Rh2 h6 49. gxh6 Kf6 50. Kg4 Ne4 51. Bf4 Be7 52. Nc7 Rg8+ 53. Kf3
Kxf5 54. Nd5 Ng5+ 55. Ke3 Re8 56. Kd3 Ne6 57. Bd2 Bg5 58. Bxb4 Nf4+ 59. Nxf4
Bxf4 60. Rh1 d5 61. Rh5+ Ke6 62. Bd2 Bd6 63. h7 Rh8 64. b4 Bc7 65. Kc3 Bd6 66.
Kb3 Be7 67. Bf4 Bf6 68. Be5 Bxe5 69. Rxe5+ Kd6 70. Rh5 Kc6 71. b5+ Kxb5 72.
Rxd5+ Kc6 73. Rh5 Kd6 74. Kc4 Rc8+ 75. Kd3 Rh8 76. Ke4 Ke6 77. Rh6+ Kd7 78. Kf5
Ke7 79. Ra6 1-0

[Event "SK Passeier-SK Klausen"]
[Site "?"]
[Date "2012.12.01"]
[Round "4.6"]
[White "Schiefer, Roland"]
[Black "Seebacher, Michael"]
[Result "0-1"]
[WhiteElo "1337"]
[BlackElo "1403"]
[PlyCount "91"]
[EventDate "2012.??.??"]

1. d4 d5 2. Bf4 Nf6 3. e3 e6 4. a3 c5 5. Nf3 Nc6 6. Nc3 a6 7. Be2 Bd6 8. dxc5
Bxc5 9. b4 Bd6 10. Bxd6 Qxd6 11. Na4 O-O 12. O-O b5 13. Nc5 Nd7 14. Nxd7 Qxd7
15. Qd3 Qe7 16. h3 Rd8 17. Rad1 e5 18. Qc3 Bb7 19. Qb3 Rac8 20. Rd2 Rd7 21.
Rfd1 e4 22. Nh2 Ne5 23. Rd4 Rdc7 24. Rc1 Rc3 25. Qb2 f5 26. g3 Qg5 27. Kg2 h5
28. h4 Qh6 29. Rd2 g5 30. hxg5 Qxg5 31. Rh1 Ng6 32. Kf1 h4 33. Rg1 Kh7 34. g4
f4 35. Qc1 fxe3 36. fxe3 Rf8+ 37. Ke1 Qxe3 38. Nf1 Qxg1 39. Rd1 Qf2+ 40. Kd2 d4
41. Qb2 Qf4+ 42. Ke1 e3 43. Nxe3 Qxe3 44. Rd3 Rxd3 45. cxd3 Bf3 46. Qc2 0-1